The complete plays of D. H. Lawrence

Gespeichert in:
Bibliographische Detailangaben
1. Verfasser: Lawrence, D. H.
Format: Buch
Sprache:Undetermined
Veröffentlicht: New York, Estados Unidos Viking 1966
Schlagworte:
Tags: Tag hinzufügen
Keine Tags, Fügen Sie den ersten Tag hinzu!

MARC

LEADER 00000nam a2200000Ia 4500
008 170316s9999 xx 000 0 und d
040 |a cru BVZT 
090 |a 820 L-4c 
100 |a Lawrence, D. H. 
245 4 |a The complete plays of D. H. Lawrence 
260 |a New York, Estados Unidos 
260 |b Viking 
260 |c 1966 
300 |a 558 páginas 
650 |a LITERATURA INGLESA 
999 |c 6981  |d 6981 
942 |c 15 D  |h 820 L-4c  |2 z